Mestská sieť v Liptove od 16. storočia do roku 1848

Bibliographic Details
Main Author: Kufčák, Emil, 1928- (Author)
Format: Article
Language:Slovak
PhysicalDescription:Fotogr., tab.
Subjects:

MARC

LEADER 00000nab a2200000 ar4500
001 vtls009345367
003 SK-MaSNL
005 20260305022357.0
008 081009c1985 xo |r||||||||||00 b|slo
015 |a SNBRA2008/10  |2 snkbucl 
038 |a SNKBUCL 
040 |a SNKBUCL  |b slo  |e AACR2  |c SNKBUCL 
041 0 |a slo 
044 |a xo  |c SK 
080 |a 94(437.6)"15/18"  |2 2001 
080 |a 908(437.6)"15/18"  |2 2001 
100 1 |a Kufčák, Emil,  |d 1928-  |4 aut  |9 220254 
245 1 0 |a Mestská sieť v Liptove od 16. storočia do roku 1848  |c Emil Kufčák 
300 |a Fotogr., tab. 
504 |a Bibliogr. odkazy 
648 7 |a 16. stor.-1848  |2 snkbucl  |9 1599854 
648 7 |a 16.-19. stor.  |2 snkbucl  |9 287139 
650 0 7 |a mestá  |2 snkbucl  |9 2929 
651 7 |a Liptov (Slovensko : región)  |2 snkbucl  |9 151081 
655 7 |a štúdie  |2 snkbucl  |9 57033 
773 0 |t Liptov 8  |d Martin : Osveta ; Ružomberok : Liptovské múzeum, 1985  |g S. 69-86 
852 |a SNK  |b KIS3GCP 
958 |a NB 
999 |c 3290413  |d 3292343